Buenas relaciones en ausencia de políticas: la gira del presidente Clinton a Sudamérica en 1997 /
Salvato in:
| Autore principale: | |
|---|---|
| Natura: | testo |
| Tags: |
Aggiungi Tag
Nessun Tag, puoi essere il primo ad aggiungerne!!
|
MARC
| LEADER | 00000 a a2200000 04500 | ||
|---|---|---|---|
| 001 | 1189 | ||
| 003 | |||
| 040 | |||
| 100 | |a Rojas Aravena, Francisco | ||
| 245 | |a Buenas relaciones en ausencia de políticas: |b la gira del presidente Clinton a Sudamérica en 1997 / |c Francisco Rojas Aravena | ||
| 773 | |g volumen 1; páginas 120-129 | ||
| 999 | |c 25157 |d 25157 | ||
